000 00784nam a2200265Ia 4500
003 OSt
005 20220918201047.0
006 a|||||r|||| 00| 0
007 ta
008 220917b |||||||| |||| 00| 0 eng d
024 _a91,447
037 _cTextual
040 _aARTS
_cARTS
_beng
041 _2eng
_aeng
082 _aV1:19(zM).N42, M9
100 _aRotberg Robert I.
_918936
245 0 _aOrigin and prevention of major wars
260 _aCambridge
_bCambridge University Press
_c1989
300 _ax, 252p.
_ccm.
490 _aStudies in interdisciplinay history
650 _aWAR; WORLD HISTORY
700 _a Rabb Theodore K.
_918935
942 _hV1:19(zM).N42, M9
_cTEXL
_2CC
999 _c215106
_d215106